The power of NOW : (Record no. 1351)

MARC details
000 -LEADER
fixed length control field 00731cam a22002534a 4500
005 - DATE AND TIME OF LATEST TRANSACTION
control field 20260322212057.0
008 - FIXED-LENGTH DATA ELEMENTS--GENERAL INFORMATION
fixed length control field data
010 ## - LIBRARY OF CONGRESS CONTROL NUMBER
LC control number 2005273130
020 ## - INTERNATIONAL STANDARD BOOK NUMBER
International Standard Book Number 9781577311522
020 ## - INTERNATIONAL STANDARD BOOK NUMBER
International Standard Book Number 9781577314806
040 ## - CATALOGING SOURCE
Original cataloging agency DLC
Transcribing agency DLC
Modifying agency DLC
042 ## - AUTHENTICATION CODE
Authentication code pcc
050 00 - LIBRARY OF CONGRESS CALL NUMBER
Classification number BL624
Item number .T64 2004
082 00 - DEWEY DECIMAL CLASSIFICATION NUMBER
Classification number 204/.4
Edition information 22
092 ## - LOCALLY ASSIGNED DEWEY CALL NUMBER (OCLC)
Classification number 291.4 Tol 1997
001 - CONTROL NUMBER
control field data
100 1# - MAIN ENTRY--PERSONAL NAME
Personal name Tolle, Eckhart,
Dates associated with a name 1948-
245 14 - TITLE STATEMENT
Title The power of NOW :
Remainder of title a guide to spiritual enlightenment /
Statement of responsibility, etc. Eckhart Tolle.
260 ## - PUBLICATION, DISTRIBUTION, ETC.
Place of publication, distribution, etc. Novato, Calif. :
Name of publisher, distributor, etc. New World Library,
Place of publication, distribution, etc. Novato, Calif. :
Name of publisher, distributor, etc. New World Library,
Date of publication, distribution, etc. c1997.
300 ## - PHYSICAL DESCRIPTION
Extent 235 p. ;
Dimensions 22 cm.
504 ## - BIBLIOGRAPHY, ETC. NOTE
Bibliography, etc. note Includes bibliographical references (p. 231).
650 #4 - SUBJECT ADDED ENTRY--TOPICAL TERM
Topical term or geographic name entry element Spirituality
650 #4 - SUBJECT ADDED ENTRY--TOPICAL TERM
Topical term or geographic name entry element Spiritual choices
Holdings
Withdrawn status Lost status Damaged status Not for loan Home library Current library Shelving location Date acquired Total checkouts Full call number Barcode Date last seen Price effective from Koha item type
        Franklin Franklin General stacks 22/03/2026   204/.4 22 BC0011395 22/03/2026 22/03/2026 Books